[Event "Budapest FS02 FM-B"]
[Site "Budapest"]
[Date "2021.02.14"]
[Round "8"]
[White "Zsatkovics, Endre"]
[Black "Mayer, Istvan"]
[Result "1/2-1/2"]
[WhiteElo "1630"]
[BlackElo "1823"]
[PlyCount "87"]
[EventDate "2021.02.06"]
[EventType "tourn"]
[EventRounds "10"]
[EventCountry "HUN"]
[SourceTitle "EXT 2022"]
[Source "ChessBase"]
[SourceDate "2021.10.06"]
[SourceVersion "1"]
[SourceVersionDate "2021.10.06"]
[SourceQuality "1"]

1. e4 e6 2. d4 d5 3. Nc3 dxe4 4. Nxe4 Bd7 5. Nf3 Bc6 6. Bd3 Nd7 7. Qe2 Ngf6 8. Ne5 Nxe5 9. dxe5 Nd7 10. f4 Nc5 11. Nxc5 Bxc5 12. Be3 Bxe3 13. Qxe3 Bxg2 14. Rg1 Qh4+ 15. Qf2 Qxf2+ 16. Kxf2 Bd5 17. Rxg7 h6 18. Rag1 Ke7 19. Bg6 Raf8 20. Bh5 Be4 21. R1g3 Rh7 22. Rxh7 Bxh7 23. Rc3 c6 24. Ra3 a6 25. Rb3 b5 26. Rc3 Be4 27. Bf3 Bxf3 28. Kxf3 Rd8 29. Rd3 Rc8 30. Rd6 a5 31. Kg4 a4 32. a3 f6 33. Kh5 fxe5 34. fxe5 c5 35. Rb6 b4 36. axb4 cxb4 37. Rxb4 Rxc2 38. h4 Rc5 39. Kxh6 Rxe5 40. Rxa4 Rb5 41. b4 Kf6 42. h5 Kf7 43. Ra7+ Kf6 44. Ra4 1/2-1/2

[Event "Budapest FS02 FM-B"]
[Site "Budapest"]
[Date "2021.02.13"]
[Round "7"]
[White "Seemann, Pola"]
[Black "Zsatkovics, Endre"]
[Result "1-0"]
[WhiteElo "1671"]
[BlackElo "1630"]
[PlyCount "65"]
[EventDate "2021.02.06"]
[EventType "tourn"]
[EventRounds "10"]
[EventCountry "HUN"]
[SourceTitle "EXT 2022"]
[Source "ChessBase"]
[SourceDate "2021.10.06"]
[SourceVersion "1"]
[SourceVersionDate "2021.10.06"]
[SourceQuality "1"]

1. e4 e5 2. Nf3 Nc6 3. Bc4 Nf6 4. d3 d6 5. a4 Be7 6. 0-0 Bg4 7. c3 0-0 8. h3 Bh5 9. Re1 h6 10. Nbd2 Nh7 11. Nf1 Ng5 12. Bxg5 hxg5 13. Ng3 Bg6 14. Nh2 Kh7 15. Ng4 Bf6 16. Ne3 Rh8 17. Ngf5 Kg8 18. b4 Ne7 19. Qb3 Qd7 20. Nxe7+ Bxe7 21. Ng4 Rf8 22. Re3 Bh5 23. Rf3 Bd8 24. d4 Bxg4 25. hxg4 Bf6 26. Rf5 exd4 27. cxd4 Bxd4 28. Rd1 Bf6 29. e5 Bd8 30. e6 Qe7 31. exf7+ Kh7 32. Rf3 g6 33. Be6 1-0

[Event "Budapest FS02 FM-B"]
[Site "Budapest"]
[Date "2021.02.08"]
[Round "3"]
[White "Mayer, Istvan"]
[Black "Zsatkovics, Endre"]
[Result "1-0"]
[WhiteElo "1823"]
[BlackElo "1630"]
[PlyCount "53"]
[EventDate "2021.02.06"]
[EventType "tourn"]
[EventRounds "10"]
[EventCountry "HUN"]
[SourceTitle "EXT 2022"]
[Source "ChessBase"]
[SourceDate "2021.10.06"]
[SourceVersion "1"]
[SourceVersionDate "2021.10.06"]
[SourceQuality "1"]

1. e4 e5 2. Nf3 Nc6 3. Bb5 a6 4. Ba4 Nf6 5. 0-0 Be7 6. Re1 b5 7. Bb3 0-0 8. c3 d6 9. h3 Na5 10. Bc2 c5 11. d4 Qc7 12. Bg5 Re8 13. Nbd2 Bd7 14. Nf1 Nc4 15. Bc1 Rac8 16. b3 Nb6 17. Ne3 g6 18. a4 bxa4 19. bxa4 cxd4 20. cxd4 Nc4 21. Nxc4 Qxc4 22. Bb3 Qc7 23. Bb2 Bf8 24. Ng5 Re7 25. Ba3 h6 26. dxe5 Rxe5 27. Nxf7 1-0

[Event "Budapest FS02 FM-B"]
[Site "Budapest"]
[Date "2021.02.07"]
[Round "2"]
[White "Zsatkovics, Endre"]
[Black "Seemann, Pola"]
[Result "1-0"]
[WhiteElo "1630"]
[BlackElo "1671"]
[PlyCount "55"]
[EventDate "2021.02.06"]
[EventType "tourn"]
[EventRounds "10"]
[EventCountry "HUN"]
[SourceTitle "EXT 2022"]
[Source "ChessBase"]
[SourceDate "2021.10.06"]
[SourceVersion "1"]
[SourceVersionDate "2021.10.06"]
[SourceQuality "1"]

1. e4 e5 2. Nf3 Nc6 3. Bb5 a6 4. Ba4 Nf6 5. 0-0 Be7 6. Re1 b5 7. Bb3 0-0 8. d4 d6 9. c3 Bg4 10. d5 Na5 11. Bc2 Nb7 12. Nbd2 a5 13. Nf1 a4 14. Ng3 Nc5 15. h3 Bd7 16. Be3 Nb7 17. Nh2 c6 18. dxc6 Bxc6 19. f4 Qc7 20. Ng4 Nxg4 21. Qxg4 Bd7 22. f5 Kh8 23. Nh5 Rg8 24. Qf3 g6 25. f6 gxh5 26. fxe7 Be6 27. Qf6+ Rg7 28. Bh6 1-0

[Event "Budapest FS07 FM"]
[Site "Budapest"]
[Date "2019.07.06"]
[Round "1"]
[White "Liptak, Istvan"]
[Black "Zsatkovics, Endre"]
[Result "1/2-1/2"]
[WhiteElo "1560"]
[BlackElo "1726"]
[PlyCount "107"]
[EventDate "2019.07.06"]
[EventType "tourn"]
[EventRounds "10"]
[EventCountry "HUN"]
[SourceTitle "EXT 2020"]
[Source "ChessBase"]
[SourceDate "2019.10.17"]
[SourceVersion "1"]
[SourceVersionDate "2019.10.17"]
[SourceQuality "1"]

1. e4 d6 2. Nf3 Nf6 3. Nc3 Nc6 4. d4 Bg4 5. Be2 e5 6. d5 Bxf3 7. gxf3 Nd4 8. Bf1 g6 9. Be3 Qd7 10. Bxd4 exd4 11. Qxd4 Bg7 12. Bb5 c6 13. dxc6 bxc6 14. Ba4 0-0 15. 0-0-0 Rfd8 16. Qe3 Qb7 17. Bb3 Ne8 18. h4 h5 19. Kb1 Qe7 20. Rhg1 Kh7 21. f4 Bh6 22. Qg3 Ng7 23. e5 Nf5 24. Qf3 d5 25. Rh1 Nxh4 26. Qg3 Nf5 27. Qf3 Qc5 28. Ne2 Rab8 29. Ng3 Nxg3 30. fxg3 Rb4 31. c3 Re4 32. f5 Rb8 33. Bc2 Re3 34. Qg2 Qc4 35. Qh3 Kg7 36. fxg6 Qg4 37. Qxh5 Qxh5 38. Rxh5 fxg6 39. Rh3 Rxe5 40. Rdh1 Rbe8 41. Ba4 Re1+ 42. Kc2 Rxh1 43. Rxh1 Re6 44. Rd1 Kf6 45. Kb3 Be3 46. Re1 c5 47. Bd7 Re5 48. Bc6 Ke6 49. Kc2 d4 50. Kd3 Rg5 51. b4 Kd6 52. cxd4 cxd4 53. b5 Rxg3 54. Rf1 1/2-1/2

[Event "Budapest FS02 Development"]
[Site "Budapest"]
[Date "2018.02.04"]
[Round "2"]
[White "Zsatkovics, Endre"]
[Black "Szurkos, Andras"]
[Result "1-0"]
[WhiteElo "1730"]
[BlackElo "1711"]
[PlyCount "167"]
[EventDate "2018.02.03"]
[EventType "tourn"]
[EventRounds "10"]
[EventCountry "HUN"]
[SourceTitle "CBM 182 Extra"]
[Source "ChessBase"]
[SourceDate "2018.02.23"]
[SourceVersion "1"]
[SourceVersionDate "2018.02.23"]
[SourceQuality "1"]

1. e4 e5 2. Nf3 Nc6 3. Bb5 a6 4. Ba4 d6 5. d4 b5 6. Bb3 Nxd4 7. Nxd4 exd4 8. Bd5 Rb8 9. Qxd4 Nf6 10. Bc6+ Bd7 11. Bxd7+ Nxd7 12. Nc3 c6 13. 0-0 Qb6 14. Qd3 Be7 15. Qg3 0-0 16. Bf4 b4 17. Ne2 Nf6 18. Bh6 Ne8 19. Be3 Qd8 20. Nd4 Rc8 21. Rfd1 Bf6 22. Rab1 Qe7 23. Qg4 Rc7 24. Nf5 Qd7 25. Bc5 Qe6 26. Bxd6 Nxd6 27. Rxd6 h5 28. Rxe6 hxg4 29. Rd6 Be5 30. Rd3 Kh7 31. Ne3 g3 32. hxg3 g6 33. f4 Bg7 34. e5 f6 35. exf6 Rxf6 36. Kf2 Bf8 37. Rbd1 Rff7 38. Kf3 Bc5 39. Ng4 Kg7 40. Ne5 Rfe7 41. Rd7 Bb6 42. Rxc7 Bxc7 43. Nxc6 Rf7 44. Nxb4 a5 45. Nd5 Rd7 46. Rd3 Bd8 47. Ke4 Rb7 48. b3 a4 49. Rd4 axb3 50. cxb3 Rb8 51. Rb4 Rc8 52. Rc4 Rb8 53. Rc6 Ba5 54. Ra6 Re8+ 55. Kd3 Be1 56. Ra7+ Kf8 57. g4 Rd8 58. Kc4 Re8 59. Ra6 Kf7 60. a4 Re2 61. Rf6+ Kg7 62. b4 Rc2+ 63. Kb5 Rxg2 64. f5 gxf5 65. gxf5 Rd2 66. Rg6+ Kf7 67. Nf4 Rf2 68. Rg4 Bd2 69. Rg2 Rxf4 70. Rxd2 Rxf5+ 71. Kc6 Ke8 72. b5 Rf6+ 73. Rd6 Rf4 74. a5 Ke7 75. b6 Rc4+ 76. Kb5 Rc2 77. Rc6 Rb2+ 78. Ka6 Rh2 79. b7 Rb2 80. Ka7 Kd7 81. b8Q Rxb8 82. Kxb8 Kxc6 83. a6 Kb6 84. a7 1-0

[Event "Budapest Spring op"]
[Site "Budapest"]
[Date "2016.03.25"]
[Round "7"]
[White "Liptak, Istvan"]
[Black "Zsatkovics, Endre"]
[Result "0-1"]
[WhiteElo "1590"]
[BlackElo "1723"]
[PlyCount "52"]
[EventDate "2016.03.18"]
[EventType "swiss"]
[EventRounds "9"]
[EventCountry "HUN"]
[SourceTitle "CBM 171 Extra"]
[Source "ChessBase"]
[SourceDate "2016.04.26"]
[SourceVersion "1"]
[SourceVersionDate "2016.04.26"]
[SourceQuality "1"]

1. e4 e5 2. Nf3 Nc6 3. Bc4 Nf6 4. 0-0 Bc5 5. c3 Nxe4 6. Qe2 d5 7. Bb5 0-0 8. Bxc6 bxc6 9. Nxe5 Re8 10. d4 Bd6 11. f3 Ng5 12. Qf2 c5 13. Bxg5 Qxg5 14. f4 Qh5 15. Nd2 cxd4 16. Qxd4 Bxe5 17. Qxd5 Ba6 18. Rfe1 Rad8 19. Rxe5 Qxe5 20. Qxe5 Rxe5 21. fxe5 Rxd2 22. b3 Kf8 23. c4 Bb7 24. e6 Rxg2+ 25. Kf1 fxe6 26. a3 Rxh2 0-1

[Event "Budapest Karacsonyi op 4th"]
[Site "Budapest"]
[Date "2012.12.30"]
[Round "6"]
[White "Zsatkovics, Endre"]
[Black "Kovacs, Miklos1111"]
[Result "0-1"]
[WhiteElo "1727"]
[BlackElo "1527"]
[PlyCount "94"]
[EventDate "2012.12.27"]
[EventType "swiss"]
[EventRounds "7"]
[EventCountry "HUN"]
[SourceTitle "EXT 2014"]
[Source "ChessBase"]
[SourceDate "2013.11.20"]
[SourceVersion "1"]
[SourceVersionDate "2013.11.20"]
[SourceQuality "1"]

1. e4 c5 2. Nf3 d6 3. d4 cxd4 4. Nxd4 Nf6 5. Nc3 g6 6. Be3 Bg7 7. f3 Nc6 8. Bc4 0-0 9. Qd2 Bd7 10. h4 Rc8 11. Bb3 h5 12. 0-0-0 Ne5 13. Bh6 Nc4 14. Bxc4 Rxc4 15. Bxg7 Kxg7 16. Qg5 Rc5 17. Qe3 b5 18. Nb3 Rc4 19. e5 dxe5 20. Qxe5 Qc7 21. Qxc7 Rxc7 22. Rhe1 e6 23. Rd4 Bc6 24. Rb4 Rfc8 25. Re2 a6 26. Na5 Nd5 27. Nxd5 Bxd5 28. a4 f5 29. axb5 Rc5 30. Nb3 Bxb3 31. Rxb3 axb5 32. Rbe3 Kf7 33. Kb1 R8c6 34. Rd2 Kf6 35. b3 Re5 36. Rde2 Rxe3 37. Rxe3 e5 38. Kb2 Ke6 39. Rc3 Rxc3 40. Kxc3 Kd5 41. Kd3 e4+ 42. fxe4+ fxe4+ 43. Ke3 b4 44. g3 Ke5 45. Ke2 Kd4 46. Kd2 e3+ 47. Ke2 Ke4 0-1

[Event "Budapest Karacsonyi op 4th"]
[Site "Budapest"]
[Date "2012.12.29"]
[Round "4"]
[White "Zsatkovics, Endre"]
[Black "Toth, Antal"]
[Result "1-0"]
[WhiteElo "1727"]
[BlackElo "1578"]
[PlyCount "119"]
[EventDate "2012.12.27"]
[EventType "swiss"]
[EventRounds "7"]
[EventCountry "HUN"]
[SourceTitle "EXT 2014"]
[Source "ChessBase"]
[SourceDate "2013.11.20"]
[SourceVersion "1"]
[SourceVersionDate "2013.11.20"]
[SourceQuality "1"]

1. e4 c5 2. Nf3 d6 3. d4 cxd4 4. Nxd4 Nf6 5. Nc3 a6 6. Bg5 e6 7. f4 Be7 8. Qf3 Nbd7 9. 0-0-0 Qc7 10. g4 b5 11. Bxf6 Bxf6 12. g5 Be7 13. a3 Bb7 14. h4 Rc8 15. f5 e5 16. Nb3 h5 17. gxh6 Rxh6 18. Rg1 Bf8 19. h5 Nf6 20. Rh1 Ba8 21. Be2 Qb7 22. Rh4 Rd8 23. Nd5 Nxd5 24. exd5 Be7 25. Rg4 Bf6 26. Rg3 Rc8 27. Qd3 Qb6 28. Qd2 Ke7 29. Rgg1 Rh7 30. Rh1 Rh6 31. Rh3 Qd8 32. Rd3 Kf8 33. Rg3 Qd7 34. Bg4 Qe7 35. Qa5 Qb7 36. Nd2 Bg5 37. Kb1 Bxd2 38. Rxd2 Qa7 39. f6 Rb8 40. fxg7+ Kg8 41. Qb4 a5 42. Qe4 b4 43. a4 Qc5 44. Bf5 Rc8 45. Bxc8 Qxc8 46. Rh2 Qd8 47. Ka2 Qe7 48. Qe3 Bxd5+ 49. b3 Qe6 50. Qa7 Qc8 51. Qxa5 Rxh5 52. Rd2 Be4 53. Qxb4 Bxc2 54. Rc3 Bb1+ 55. Kxb1 Qf5+ 56. Ka2 Rh1 57. Qb8+ Kxg7 58. Rg3+ Kf6 59. Qxd6+ Qe6 60. Rf2# 1-0

[Event "Budapest Karacsonyi op 2nd"]
[Site "Budapest"]
[Date "2010.12.29"]
[Round "5"]
[White "Bodi, Tibor"]
[Black "Zsatkovics, Endre"]
[Result "1-0"]
[WhiteElo "2016"]
[BlackElo "1831"]
[PlyCount "125"]
[EventDate "2010.12.27"]
[EventType "swiss"]
[EventRounds "7"]
[EventCountry "HUN"]
[SourceTitle "EXT 2022"]
[Source "ChessBase"]
[SourceDate "2021.10.06"]
[SourceVersion "1"]
[SourceVersionDate "2021.10.06"]
[SourceQuality "1"]

1. e4 e5 2. Nf3 Nc6 3. Bc4 Nf6 4. d3 h6 5. 0-0 Bc5 6. c3 Bb6 7. Be3 0-0 8. Nbd2 d5 9. exd5 Nxd5 10. Bxd5 Qxd5 11. Ne1 Bf5 12. Qc2 Bxe3 13. fxe3 Bg6 14. e4 Qc5+ 15. Kh1 Rad8 16. Nb3 Qd6 17. Nd2 Qd7 18. Nc4 b5 19. Ne3 Ne7 20. a4 a6 21. axb5 axb5 22. Qb3 Ra8 23. Rd1 c5 24. Nf3 Qd6 25. Qxb5 Rab8 26. Qa4 Qe6 27. Qc4 Rxb2 28. Qxe6 fxe6 29. Nxe5 Rff2 30. Rxf2 Rxf2 31. Nd7 Re2 32. Nc4 Rc2 33. Nxc5 Rxc3 34. h3 Nc6 35. Na4 Rc2 36. Nc5 Kf7 37. Rb1 Nd4 38. Rb7+ Kg8 39. Rb2 Rc1+ 40. Kh2 e5 41. Nxe5 Rxc5 42. Nxg6 Rc3 43. Ne5 g5 44. Rb7 Ne2 45. Ng4 Rc6 46. e5 Nf4 47. d4 h5 48. Nf6+ Kf8 49. Rb8+ Kf7 50. Rb7+ Ke6 51. Rb2 Kf5 52. g4+ hxg4 53. hxg4+ Ke6 54. Rd2 Rc3 55. Ne4 Rh3+ 56. Kg1 Kd5 57. Nf6+ Kc4 58. d5 Rg3+ 59. Kf2 Rg2+ 60. Ke3 Rxd2 61. Kxd2 Nxd5 62. Ng8 Nf4 63. Nf6 1-0

[Event "Budapest Karacsonyi op 2nd"]
[Site "Budapest"]
[Date "2010.12.28"]
[Round "2"]
[White "Zsatkovics, Endre"]
[Black "Koltai, Daniel"]
[Result "1/2-1/2"]
[WhiteElo "1831"]
[BlackElo "1488"]
[PlyCount "64"]
[EventDate "2010.12.27"]
[EventType "swiss"]
[EventRounds "7"]
[EventCountry "HUN"]
[SourceTitle "EXT 2022"]
[Source "ChessBase"]
[SourceDate "2021.10.06"]
[SourceVersion "1"]
[SourceVersionDate "2021.10.06"]
[SourceQuality "1"]

1. e4 c5 2. Nf3 d6 3. d4 cxd4 4. Nxd4 Nf6 5. Nc3 g6 6. Bc4 Bg7 7. Be3 0-0 8. f3 Nc6 9. Qd2 Bd7 10. h4 Na5 11. Bb3 Rc8 12. Bh6 Nxb3 13. axb3 Qb6 14. 0-0-0 Qa5 15. Bxg7 Kxg7 16. g4 h5 17. g5 Nh7 18. Nde2 Rc6 19. Kb1 Ra6 20. Kc1 Rc8 21. f4 e6 22. Qd4+ Kg8 23. Kd2 Rd8 24. Ra1 Qb6 25. Qxb6 axb6 26. Ke3 Kf8 27. Rhd1 Rxa1 28. Rxa1 Bc6 29. Nd4 e5 30. Ndb5 Ke8 31. Rd1 exf4+ 32. Kxf4 Nf8 1/2-1/2